01590nam a2200349 a 4500001001000000003000500010005001700015008004100032010001100073011001100084040000900095090001000104100004900114245016400163260004100327500006000368502011300428590004100541590004000582590004000622650004500662650006300707650004300770650004900813856007000862901000700932942001000939942000600949999001900955952013100974952013501105000113870CHAP20220329144417.0171003s2017 mx sm |||||||spa d a110331 a111303 cCHAP aTesis1 aVillarreal Ornelas, Elena del Carmen913359510aRendimiento y calidad del aceite de semilla de Argemone Pleiacantha Green para la producción de biodieselh[En línea]cElena del Carmen Villarreal Ornelas. aChapingo, Méx. :bEl autor,c2017. aPara ver el contenido del material haga clic en la liga aTesis (M. C. en Recursos Naturales y Medio Ambiente) -- UACH. Unidad Reginal Universitaria de Zonas Áridas aBATCH-UPDb05c20171003lUCH01h1018 aE6337LMJb05c20171003lUCH01h1018 aE6337LMJb05c20171003lUCH01h101814aAceites vegetales como combustible.946414aArgemone pleiacanthaxFisiología y morfología.913359714aBiocombustiblesxProducción.912961014aSemillas oleaginosasxGerminación.9133596 aFinding aiduhttp://10.13.5.2/tesis/sist113870.pdfzTeclea aquí aBK cTESIS n0 c110331d110331 00104054718TESISaBCbBCd2017-10-03fTESISl0oTesisp113872-10r2019-12-31 00:00:00w2019-12-31yTESISzRecien adquirido 00102local4053708TESISaBCbBCcPA_TESISd2017-10-03fTESISl0oTesisp113872-20r2019-12-31 00:00:00tc.2w2019-12-31yTESIS